| Tag |
First Indicator |
Second Indicator |
Subfields |
| LEADER |
00000cam a2200000 a 4500 |
| 001 |
in00000002510 |
| 008 |
980512s1998 dcu s f000 0 eng d |
| 005 |
20230310162307.6 |
| 020 |
|
|
|c $3.75
|
| 035 |
|
|
|a (OCoLC)ocm39106930
|
| 035 |
|
|
|9 AJD1036AM
|
| 035 |
|
|
|a in00000002510
|
| 040 |
|
|
|a IWA
|c IWA
|d GZM
|d GPO
|d OCL
|d GPO
|d DLC
|d MvI
|d UtOrBLW
|
| 043 |
|
|
|a n-us-ar
|
| 049 |
|
|
|a UDOC
|
| 049 |
|
|
|a WWW
|
| 074 |
|
|
|a 0768-B-04
|
| 074 |
|
|
|a 0768-B-04 (online)
|
| 086 |
0 |
|
|a L 2.121/4:AR 4
|
| 090 |
|
|
|a HD8051
|b Un31b, no., 3090-26
|
| 245 |
0 |
0 |
|a National compensation survey, wages and salaries.
|p Arkansas, July 1997 /
|c U.S. Department of Labor, Bureau of Labor Statistics.
|
| 246 |
3 |
0 |
|a Arkansas, July 1997
|
| 264 |
|
1 |
|a [Washington, DC] :
|b The Bureau,
|c [1998]
|
| 300 |
|
|
|a v, 41 pages ;
|c 28 cm.
|
| 336 |
|
|
|a text
|b txt
|2 rdacontent
|
| 337 |
|
|
|a unmediated
|b n
|2 rdamedia
|
| 338 |
|
|
|a volume
|b nc
|2 rdacarrier
|
| 490 |
1 |
|
|a Bulletin ;
|v 3090-26
|
| 500 |
|
|
|a Shipping list number: 98-0194-P.
|
| 500 |
|
|
|a "March 1998."
|
| 530 |
|
|
|a Available via the Internet through the Bureau of Labor Statistics site
|
| 650 |
|
0 |
|a Wages
|z Arkansas
|v Statistics.
|
| 650 |
|
0 |
|a Occupations
|z Arkansas
|v Statistics.
|
| 650 |
|
0 |
|a Wage surveys
|z Arkansas
|v Statistics.
|
| 650 |
|
0 |
|a Employee fringe benefits
|z Arkansas
|v Statistics.
|
| 710 |
1 |
|
|a United States.
|b Bureau of Labor Statistics.
|
| 830 |
|
0 |
|a Bulletin of the United States Bureau of Labor Statistics ;
|v 3090-26.
|
| 856 |
4 |
1 |
|u https://purl.fdlp.gov/GPO/LPS14055
|t 0
|
| 999 |
|
|
|a MARS
|
| 999 |
f |
f |
|i 2d0fb91a-4b0d-32c9-a6e6-3f52bbf66321
|s 5f0e2661-c327-3c82-b83b-b9918d9dc22e
|t 0
|
| 952 |
f |
f |
|a Texas A&M University
|b College Station
|c Electronic Resources
|d Available Online
|t 0
|e L 2.121/4:AR 4
|h Superintendent of Documents classification
|
| 998 |
f |
f |
|a L 2.121/4:AR 4
|t 0
|l Available Online
|